Infierno - Estadísticas

Estadísticas generales
  • Esta prueba ha sido intentada 13 veces
  • La puntuación promedio es 7 de 12
Estadísticas de respuestas
Respuesta % Correcto
Gula
100%
Lujuria
100%
Avaricia
75%
Traición
63%
Fraude
50%
Herejía
50%
Limbo
50%
10
38%
3
38%
4
38%
Ira y Pereza
38%
Violencia
38%
No se encontraron pruebas coincidentes
Distribución de puntuación
Porcentaje de gente con cada puntuación
Porcentaje por número respondido
Historial de tus puntuaciones
No has intentado esta prueba.